Statistics for Name the European city

Click here to take the quiz!

General Stats

  • This quiz has been taken 40 times
  • The average score is 9 of 12

Answer Stats

Answer% Correct
Rome
97%
London
95%
Moscow
92%
Paris
85%
Athens
82%
Amsterdam
77%
Monaco
74%
Venice
69%
Istanbul
67%
Budapest
54%
Edinburgh
51%
Copenhagen
36%

Score Distribution

Percentile by Number Answered

Percent of People with Each Score

Your Score History

You have not taken this quiz